000
00330nam a22001457a 4500
008
221114b ||||| |||| 00| 0 eng d
020
_a
0521298644
041
_a
eng
080
_a
51
082
_a
51 KOS
100
_a
22.2
101
_a
MATE
245
_a
A FIRST COURSE IN ALGEBRAIC TOPOLOGY
_c
KOSNIOWSKI C
942
_2
udc
_c
BK
999
_c
58893
_d
58893